| 000 | 01186cam a2200301 a 4500 | ||
|---|---|---|---|
| 999 |
_c20489 _d20489 |
||
| 001 | 3885076 | ||
| 003 | OSt | ||
| 005 | 20200110101354.0 | ||
| 008 | 900202s1989 ii b 001 0 eng | ||
| 010 | _a 89905750 | ||
| 020 |
_a8185318077 : _cRs225.00 |
||
| 025 | _aI E 60983 | ||
| 040 |
_aDLC _cDLC _dDLC |
||
| 043 |
_ae-ur--- _aa-ii--- |
||
| 050 | 0 | 0 |
_aDS480.45 _b.S476 1989 |
| 082 | 0 | 0 |
_a947.084 _220 _bSHU/S |
| 100 | 1 |
_aShukla, Vivekananda _91115 |
|
| 245 | 1 | 0 |
_aSoviet revolutions and the Indian national movement : _bperceptions of Indian media / _cVivekanand Shukla. |
| 260 |
_a[New Delhi] : _bH.K. Publishers and Distributors ; _aNew Delhi : _bDeep and Deep Publications, _c1989. |
||
| 300 |
_a235 p. ; _c23 cm. |
||
| 504 | _aIncludes bibliographical references. | ||
| 651 | 0 |
_aIndia _xPolitics and government _y1919-1947. |
|
| 651 | 0 |
_aRussia _xHistory _yRevolution, 1905-1907 _xInfluence. |
|
| 651 | 0 |
_aSoviet Union _xHistory _yRevolution, 1917-1921 _xInfluence. |
|
| 906 |
_a7 _bcbc _corignew _d3 _encip _f19 _gy-gencatlg |
||
| 942 |
_2ddc _cBK _h947.084 _iSHU/S _k947.084 _mSHU/S |
||